|
|
|
|
| LEADER |
00000nas a2200000 a 4500 |
| 001 |
ssj0008222 |
| 003 |
WaSeSS |
| 005 |
20200512172242.0 |
| 006 |
m d |
| 007 |
cr n |
| 008 |
000516c19809999enkbr pss o 0 0eng c |
| 010 |
|
|
|a 00227326
|
| 015 |
|
|
|a GBB400765
|2 bnb
|
| 016 |
7 |
|
|a 1499968-7
|2 DE-600
|
| 016 |
7 |
|
|a 011458424
|2 Uk
|
| 022 |
|
|
|a 1469-1817
|l 0142-7164
|y 0142-7164
|
| 035 |
|
|
|a (WaSeSS)ssj0008222
|
| 037 |
|
|
|b Cambridge University Press, The Edinburgh Building, Shaftesbury Road, Cambridge CB2 2RU, United Kingdom
|
| 040 |
|
|
|a EXW
|b eng
|e pn
|c EXW
|d EYM
|d OCLCQ
|d IUL
|d OCLCQ
|d MUQ
|d OCLCQ
|d F#A
|d OCL
|d OCLCQ
|d BUF
|d OCLCO
|d OCLCE
|d OCLCF
|d OCLCO
|d EUW
|d OCLCO
|d OCLCQ
|d OCLCO
|d OCLCQ
|d TSC
|d OCLCO
|d RCE
|d OCLCA
|d NLE
|d OCLCA
|d U3W
|d OCLCO
|d AU@
|d OCLCO
|d WYU
|d OCLCO
|d UKMGB
|d AUD
|d OCLCA
|d VT2
|d OCLCO
|d OCLCA
|d WaSeSS
|
| 042 |
|
|
|a pcc
|
| 050 |
1 |
4 |
|a P37
|b .A75
|
| 060 |
0 |
0 |
|a W1
|b AP528M
|
| 082 |
0 |
4 |
|a 401.9
|
| 130 |
0 |
|
|a Applied psycholinguistics (Online)
|
| 245 |
1 |
0 |
|a Applied psycholinguistics
|h [electronic resource].
|
| 260 |
|
|
|a [Cambridge, England] :
|b Cambridge University Press,
|c 1980-
|
| 310 |
|
|
|a Bimonthy,
|b 2013-
|
| 321 |
|
|
|a Quarterly,
|b -2012
|
| 362 |
1 |
|
|a Print began in 1980.
|
| 506 |
|
|
|a License restrictions may limit access.
|
| 538 |
|
|
|a Mode of access: World Wide Web.
|
| 588 |
|
|
|a Description based on: Vol. 20, issue 1 (Mar. 1999); title from introductory page, viewed June 10, 2002.
|
| 588 |
|
|
|a Latest issue consulted: Vol. 34, issue 6 (Nov. 2013) (Cambridge Journals, viewed Oct. 29, 2013).
|
| 650 |
|
0 |
|a Psycholinguistics
|v Periodicals.
|
| 650 |
|
6 |
|a Psycholinguistique
|v Périodiques.
|
| 650 |
|
7 |
|a Psycholinguistics.
|2 fast
|0 (OCoLC)fst01081323
|
| 650 |
1 |
7 |
|a Taalpsychologie.
|2 gtt
|
| 650 |
1 |
7 |
|a Toepassingen.
|2 gtt
|
| 650 |
|
2 |
|a Psycholinguistics.
|
| 655 |
|
0 |
|a Electronic journals.
|
| 776 |
0 |
8 |
|i Print version:
|t Applied psycholinguistics
|x 0142-7164
|w (DLC) 80647015
|w (OCoLC)6275910
|
| 853 |
2 |
0 |
|8 1
|a v.
|b issue
|u 4
|v r
|i (year)
|j (month)
|w q
|x 03
|y pm03,06,09,12
|
| 856 |
4 |
0 |
|z Full text available from Research Library: 03/01/2001 to 1 year ago
|u https://search.proquest.com/publication/47826
|
| 863 |
4 |
1 |
|8 1.1
|a 20
|b 1
|i 1999
|j 03
|